000 005690000a22001810004500
003 MACL
005 20160310131907.0
008 160310b xxu||||| |||| 00| 0 eng d
040 _aMACL
_cMACL
041 _aHindi
082 _a891.433
100 _aचन्‍द्रगुप्‍त विघालंकार
_943378
245 _aश्रेष्‍ठ हिन्‍दी कहानियॉ
260 _bरामप्रसाद एण्‍ड संस
_aआगरा
350 _a2
650 _aNovel
_944462
942 _cHIN
_k891.433
_2ddc
999 _c25601
_d25601